Name That Celebrity! Quiz Stats

 Plays Quiz not verified by Sporcle

Also try: Comic Strip Dogs
Challenge
Share
Tweet
Embed
Score 0/8 Timer 05:00
0 Plays Today
Hint Answer % Correct
Wore A Meat DressLady GaGa
85.3%
Twerking All The Time!Miley Cyrus
85.3%
Host Of American IdolRyan Seacrest
64.7%
Female Judge On American IdolJennifer Lopez
52.9%
The Star In White ChristmasBing Crosby
47.1%
Host Of America's Got TalentNick Cannon
38.2%
Good Girl Gone BadRihanna
35.3%
Call Her Maybe?Carly Rae Jepson
20.6%

You're not logged in!

Compare scores with friends on all Sporcle quizzes.
Join for Free
OR
Log In

You Might Also Like...

Show Comments

Extras

Created Feb 14, 2014ReportFavoriteNominate
Tags:Celebrity Quiz

Top Quizzes Today


Score Distribution

Your Account Isn't Verified!

In order to create a playlist on Sporcle, you need to verify the email address you used during registration. Go to your Sporcle Settings to finish the process.

Report this User

Report this user for behavior that violates our Community Guidelines.

Details: